[Event "Anapa"]
[Site "Anapa"]
[Date "2009.09.07"]
[Round "11"]
[White "Kuderin, Daniyar"]
[Black "Tarlev, Konstantin"]
[Result "0-1"]
[WhiteElo "2153"]
[BlackElo "2469"]
[PlyCount "54"]
[EventDate "2009.08.30"]
[EventType "tourn"]
[EventRounds "13"]
[EventCountry "RUS"]
[EventCategory "3"]
[SourceTitle "CBM 132 Extra"]
[Source "ChessBase"]
[SourceDate "2009.11.03"]
[SourceVersion "1"]
[SourceVersionDate "2009.11.03"]
[SourceQuality "1"]

1. d4 e6 2. c4 b6 3. Nc3 Bb7 4. Nf3 f5 5. g3 Nf6 6. Bg2 Bb4 7. Bd2 a5 8. 0-0 0-0 9. e3 Qe7 10. Re1 d6 11. Ne2 Nbd7 12. a3 Bxd2 13. Nxd2 Bxg2 14. Kxg2 e5 15. f4 Ng4 16. Nc3 exd4 17. exd4 Qe3 18. Qe2 Rae8 19. Nf3 Qxe2+ 20. Rxe2 Rxe2+ 21. Nxe2 Re8 22. Neg1 Ne3+ 23. Kf2 Nf6 24. h3 Nxc4 25. b3 Ne4+ 26. Kg2 Ne3+ 27. Kh2 c5 0-1

[Event "Anapa"]
[Site "Anapa"]
[Date "2009.09.02"]
[Round "4"]
[White "Maiorov, Oleg Ivanovich"]
[Black "Kuderin, Daniyar"]
[Result "1/2-1/2"]
[WhiteElo "2404"]
[BlackElo "2153"]
[PlyCount "96"]
[EventDate "2009.08.30"]
[EventType "tourn"]
[EventRounds "13"]
[EventCountry "RUS"]
[EventCategory "3"]
[SourceTitle "CBM 132 Extra"]
[Source "ChessBase"]
[SourceDate "2009.11.03"]
[SourceVersion "1"]
[SourceVersionDate "2009.11.03"]
[SourceQuality "1"]

1. e4 e5 2. Bc4 Bc5 3. Nf3 Nc6 4. c3 Nf6 5. d3 h6 6. Nbd2 0-0 7. Bb3 d6 8. h3 Be6 9. Bc2 d5 10. Qe2 d4 11. c4 a6 12. Ba4 b5 13. cxb5 axb5 14. Bxb5 Nb4 15. Qd1 Bxa2 16. 0-0 c6 17. Bc4 Qe7 18. Bxa2 Nxa2 19. Nc4 Nxc1 20. Qxc1 Nd7 21. Qc2 Bb4 22. Ra4 Qc5 23. Rxa8 Rxa8 24. Rc1 Qb5 25. g3 f6 26. Nh4 Nc5 27. Nf5 Kh7 28. Qe2 g6 29. Nh4 Qb7 30. Kh2 Nb3 31. Rf1 Na5 32. Qg4 Qf7 33. Nxa5 Rxa5 34. Rc1 c5 35. Rc2 h5 36. Qc8 Ra7 37. Rc4 Rc7 38. Qa8 Ra7 39. Qc6 Rc7 40. Qa4 Ra7 41. Qd1 Ra2 42. Qb3 Ra7 43. Kg2 Kg7 44. f4 exf4 45. gxf4 Ra1 46. Qc2 Ra2 47. Qb3 Ra1 48. Qc2 Ra2 1/2-1/2

[Event "Anapa"]
[Site "Anapa"]
[Date "2009.08.31"]
[Round "2"]
[White "Kuderin, Daniyar"]
[Black "Kostromin, Mikhail"]
[Result "0-1"]
[WhiteElo "2153"]
[BlackElo "2369"]
[PlyCount "54"]
[EventDate "2009.08.30"]
[EventType "tourn"]
[EventRounds "13"]
[EventCountry "RUS"]
[EventCategory "3"]
[SourceTitle "CBM 132 Extra"]
[Source "ChessBase"]
[SourceDate "2009.11.03"]
[SourceVersion "1"]
[SourceVersionDate "2009.11.03"]
[SourceQuality "1"]

1. e4 c5 2. Nf3 d6 3. Bc4 Nf6 4. d3 e6 5. Bg5 Be7 6. Nc3 0-0 7. e5 dxe5 8. Nxe5 Nbd7 9. Qe2 Nxe5 10. Qxe5 b6 11. Ne4 Nxe4 12. Qxe4 Bxg5 13. Qxa8 b5 14. Bb3 c4 15. f4 Bh4+ 16. Kd2 Qb6 17. Qf3 cxb3 18. axb3 Bb7 19. Qe2 Qd4 20. c3 Qxf4+ 21. Kc2 Qf2 22. Qxf2 Bxf2 23. Rhf1 Bb6 24. g3 e5 25. Rfe1 f6 26. b4 h5 27. b3 a6 0-1

[Event "Anapa"]
[Site "Anapa"]
[Date "2009.08.30"]
[Round "1"]
[White "Gutenev, Alexander"]
[Black "Kuderin, Daniyar"]
[Result "1/2-1/2"]
[WhiteElo "2347"]
[BlackElo "2153"]
[PlyCount "85"]
[EventDate "2009.08.30"]
[EventType "tourn"]
[EventRounds "13"]
[EventCountry "RUS"]
[EventCategory "3"]
[SourceTitle "CBM 132 Extra"]
[Source "ChessBase"]
[SourceDate "2009.11.03"]
[SourceVersion "1"]
[SourceVersionDate "2009.11.03"]
[SourceQuality "1"]

1. e4 e5 2. Nf3 Nc6 3. Bb5 a6 4. Ba4 Nf6 5. 0-0 b5 6. Bb3 Be7 7. Re1 d6 8. c3 Bg4 9. d3 0-0 10. h3 Be6 11. d4 Bxb3 12. Qxb3 Na5 13. Qc2 Nd7 14. Nbd2 c5 15. dxc5 dxc5 16. Nf1 Qc7 17. Ne3 Nb6 18. Nd5 Nxd5 19. exd5 f6 20. Nh4 Rad8 21. Qe4 Nb7 22. f4 Bd6 23. b3 exf4 24. Nf3 Rde8 25. Qxe8 Rxe8 26. Rxe8+ Kf7 27. Re2 c4 28. b4 a5 29. a3 Be5 30. Bb2 Qd6 31. Rae1 axb4 32. axb4 Qxd5 33. Nxe5+ fxe5 34. Rxe5 Qd2 35. R5e2 Qd6 36. Bc1 g5 37. Re5 Qb6+ 38. Kh1 Kf6 39. h4 h6 40. g4 Qf2 41. Rf5+ Kg7 42. Re7+ Kg8 43. Re8+ 1/2-1/2

[Event "Maralsay op U20"]
[Site "Maralsay"]
[Date "2008.08.22"]
[Round "7"]
[White "Kuderin, Daniyar"]
[Black "Issabayev, Dias"]
[Result "1-0"]
[WhiteElo "2225"]
[BlackElo "2257"]
[PlyCount "97"]
[EventDate "2008.08.18"]
[EventType "swiss"]
[EventRounds "9"]
[EventCountry "KAZ"]
[SourceTitle "CBM 126 Extra"]
[Source "ChessBase"]
[SourceDate "2008.11.05"]
[SourceVersion "1"]
[SourceVersionDate "2008.11.05"]
[SourceQuality "1"]

1. d4 Nf6 2. c4 g6 3. Nc3 Bg7 4. e4 d6 5. Nf3 0-0 6. Bg5 h6 7. Bh4 Nbd7 8. Bd3 e5 9. d5 a6 10. Nd2 c5 11. a3 Qe8 12. b4 Nh5 13. 0-0 f5 14. f3 b6 15. Re1 f4 16. bxc5 bxc5 17. Rb1 g5 18. Bf2 Bf6 19. Qa4 Bd8 20. Qc6 Ba5 21. Qxa8 Bxc3 22. Red1 Bd4 23. Bc2 Qe7 24. Ba4 Nhf6 25. Bxd7 Bxd7 26. Rb8 Bxf2+ 27. Kxf2 Ne8 28. Qb7 g4 29. Ke2 Rf7 30. h3 gxh3 31. gxh3 Qg5 32. Qa8 Kf8 33. Rf1 Qg2+ 34. Rf2 Qg1 35. Qxa6 Kg7 36. Rxe8 Bxe8 37. Qxd6 Ba4 38. Qxe5+ Kh7 39. Nf1 Bb3 40. Qc3 Rb7 41. Qd3 Bxc4 42. Qxc4 Rb2+ 43. Nd2 Rxd2+ 44. Kxd2 Qxf2+ 45. Qe2 Qd4+ 46. Kc2 Qa4+ 47. Kb2 Qd4+ 48. Kb3 Qg7 49. Qb2 1-0

[Event "Novosibirsk Sukharev Memorial op"]
[Site "Novosibirsk"]
[Date "2008.07.28"]
[Round "?"]
[White "Kuderin, Daniyar"]
[Black "Loginov, Vladislav"]
[Result "1/2-1/2"]
[WhiteElo "2225"]
[BlackElo "2106"]
[PlyCount "131"]
[EventDate "2008.07.20"]
[EventType "swiss"]
[EventRounds "9"]
[EventCountry "RUS"]
[SourceTitle "EXT 2022"]
[Source "ChessBase"]
[SourceDate "2021.10.06"]
[SourceVersion "1"]
[SourceVersionDate "2021.10.06"]
[SourceQuality "1"]

1. d4 Nf6 2. c4 c5 3. Nf3 cxd4 4. Nxd4 b6 5. Nc3 Bb7 6. f3 d6 7. e4 e6 8. Be3 Be7 9. Rc1 a6 10. Bd3 Nbd7 11. 0-0 0-0 12. Bb1 Rc8 13. b3 Qc7 14. Qe2 Qb8 15. Bf2 Rfe8 16. Rfe1 Bd8 17. g4 Ne5 18. Bg3 b5 19. cxb5 Bb6 20. Bf2 Qa7 21. bxa6 Bxa6 22. Ndb5 Bxb5 23. Nxb5 Bxf2+ 24. Kg2 Qb6 25. Nxd6 Qxd6 26. Qxf2 Ng6 27. Rcd1 Nf4+ 28. Kh1 Qe5 29. Bd3 g5 30. Bc4 h5 31. gxh5 Kg7 32. Qd4 Qxd4 33. Rxd4 Red8 34. Red1 Rxd4 35. Rxd4 Ra8 36. a4 Kh6 37. Kg1 Kxh5 38. Rd2 g4 39. Kf2 Kg5 40. e5 N6d5 41. fxg4 Kxg4 42. Ra2 Kf5 43. a5 Kxe5 44. a6 Kd6 45. h4 f5 46. a7 Nb6 47. Kf3 e5 48. Ra5 Nfd5 49. Bxd5 Nxd5 50. h5 Nc7 51. h6 Rh8 52. b4 Na8 53. Ra6+ Kc7 54. Rf6 Kb7 55. Rf7+ Kb6 56. h7 Nc7 57. Rxf5 Rxh7 58. Rxe5 Kxa7 59. Ke3 Rd7 60. Re4 Nd5+ 61. Kf3 Rf7+ 62. Kg3 Kb6 63. Rc4 Nc7 64. Rf4 Re7 65. Rd4 Kb5 66. Kf3 1/2-1/2

[Event "Novosibirsk Sukharev Memorial op"]
[Site "Novosibirsk"]
[Date "2008.07.25"]
[Round "?"]
[White "Postnikov, Alexey"]
[Black "Kuderin, Daniyar"]
[Result "0-1"]
[WhiteElo "1958"]
[BlackElo "2225"]
[PlyCount "106"]
[EventDate "2008.07.20"]
[EventType "swiss"]
[EventRounds "9"]
[EventCountry "RUS"]
[SourceTitle "EXT 2022"]
[Source "ChessBase"]
[SourceDate "2021.10.06"]
[SourceVersion "1"]
[SourceVersionDate "2021.10.06"]
[SourceQuality "1"]

1. e4 e5 2. Nf3 Nc6 3. Bb5 a6 4. Bxc6 dxc6 5. 0-0 Bg4 6. h3 Bh5 7. g4 Bg6 8. Nxe5 Qh4 9. Qf3 Bd6 10. Nxg6 hxg6 11. Kg2 Be5 12. Na3 0-0-0 13. Nc4 Bf4 14. d3 g5 15. Rh1 Ne7 16. Bxf4 gxf4 17. Qxf4 Ng6 18. Qg3 Qg5 19. Ne3 Rh7 20. Raf1 Nf4+ 21. Kf3 Rdh8 22. Ng2 Rxh3 23. Nxf4 Rxh1 24. Rxh1 Rxh1 25. Kg2 Rh8 26. Nh5 g6 27. Nf4 Qe5 28. c3 g5 29. Nh5 Qxg3+ 30. Kxg3 c5 31. f4 gxf4+ 32. Kxf4 Kd8 33. Ke5 Ke7 34. Kd5 Rd8+ 35. Kc4 Rg8 36. Ng3 Rxg4 37. Nf5+ Ke8 38. a4 b6 39. Ne3 Rh4 40. Nf5 Rh3 41. b4 cxb4 42. cxb4 Kd7 43. Nd4 Rh5 44. Nb3 f5 45. exf5 Rxf5 46. Nd4 Rf4 47. Kd5 Rh4 48. Nc6 Kc8 49. d4 Rh5+ 50. Ne5 Kb7 51. a5 c6+ 52. Kd6 Rh4 53. axb6 Rxd4+ 0-1

[Event "Novosibirsk Sukharev Memorial op"]
[Site "Novosibirsk"]
[Date "2008.07.23"]
[Round "?"]
[White "Sukhanov, Dmitry"]
[Black "Kuderin, Daniyar"]
[Result "0-1"]
[WhiteElo "2127"]
[BlackElo "2225"]
[PlyCount "58"]
[EventDate "2008.07.20"]
[EventType "swiss"]
[EventRounds "9"]
[EventCountry "RUS"]
[SourceTitle "EXT 2022"]
[Source "ChessBase"]
[SourceDate "2021.10.06"]
[SourceVersion "1"]
[SourceVersionDate "2021.10.06"]
[SourceQuality "1"]

1. e4 e5 2. Nf3 Nc6 3. Bb5 a6 4. Ba4 Bc5 5. c3 b5 6. Bc2 d5 7. d4 exd4 8. cxd4 Bb6 9. e5 Bg4 10. Be3 Bxf3 11. gxf3 Qh4 12. f4 g5 13. Bb3 gxf4 14. Bxd5 0-0-0 15. Bxc6 fxe3 16. 0-0 Rxd4 17. Qf3 exf2+ 18. Kh1 Ne7 19. Bb7+ Kb8 20. Bxa6 c6 21. Nc3 Rf4 22. Qg3 Rg8 23. Qxh4 Rxh4 24. a4 Rg1+ 25. Rxg1 fxg1Q+ 26. Rxg1 Bxg1 27. Kxg1 bxa4 28. Bd3 Ng6 29. Bc2 a3 0-1

[Event "Izmailov Memorial op 12th"]
[Site "Tomsk"]
[Date "2008.06.27"]
[Round "3"]
[White "Kuderin, Daniyar"]
[Black "Medvedev, Emelian"]
[Result "0-1"]
[WhiteElo "2225"]
[BlackElo "2008"]
[PlyCount "148"]
[EventDate "2008.06.25"]
[EventType "swiss"]
[EventRounds "9"]
[EventCountry "RUS"]
[SourceTitle "CBM 125 Extra"]
[Source "ChessBase"]
[SourceDate "2008.09.01"]
[SourceVersion "1"]
[SourceVersionDate "2008.09.01"]
[SourceQuality "1"]

1. e4 c5 2. f4 Nc6 3. Nf3 g6 4. Bc4 Bg7 5. 0-0 e6 6. Nc3 Nge7 7. e5 d5 8. exd6 Qxd6 9. Ne4 Qd8 10. c3 b6 11. a3 Bb7 12. Qe1 0-0 13. Rb1 Na5 14. Qe2 Nxc4 15. Qxc4 b5 16. Qe2 c4 17. a4 Qd5 18. Nf2 Qf5 19. Ra1 Nd5 20. d4 a6 21. Ne5 Nxf4 22. Bxf4 Qxf4 23. Nfg4 Qg5 24. Nd7 Rfd8 25. Ndf6+ Kh8 26. Qf2 Bxf6 27. Qxf6+ Qxf6 28. Rxf6 Rf8 29. Ne5 Kg8 30. Raf1 bxa4 31. Nd7 Be4 32. Nxf8 Rxf8 33. R6f2 f5 34. Ra1 Bc6 35. Re2 Kf7 36. Re5 Rb8 37. Re2 h5 38. h4 Kf6 39. Ra2 Rb7 40. Kf2 Rb8 41. Re5 Rb5 42. Re2 Rd5 43. Ra1 Bd7 44. Kf3 Bc6 45. Kf4 Ra5 46. Re5 Bd5 47. g3 Kf7 48. Rxd5 exd5 49. Ke5 Ke7 50. Ra3 Kf7 51. Ra2 Ke7 52. Ra1 Kf7 53. Kd6 Kf6 54. Re1 a3 55. bxa3 Rxa3 56. Re6+ Kf7 57. Re3 Ra5 58. Kc6 Kf6 59. Re5 g5 60. Kd6 gxh4 61. gxh4 f4 62. Rxh5 f3 63. Rh8 Kg7 64. Rh5 Ra3 65. Rf5 Rxc3 66. Kxd5 a5 67. Kc5 Kg6 68. Rf4 Re3 69. Kxc4 a4 70. d5 a3 71. h5+ Kg5 72. d6 Kxf4 73. d7 f2 74. d8Q f1Q+ 0-1

[Event "Izmailov Memorial op 12th"]
[Site "Tomsk"]
[Date "2008.06.26"]
[Round "2"]
[White "Ufimtsev, Vladimir"]
[Black "Kuderin, Daniyar"]
[Result "1-0"]
[WhiteElo "2069"]
[BlackElo "2225"]
[PlyCount "61"]
[EventDate "2008.06.25"]
[EventType "swiss"]
[EventRounds "9"]
[EventCountry "RUS"]
[SourceTitle "CBM 125 Extra"]
[Source "ChessBase"]
[SourceDate "2008.09.01"]
[SourceVersion "1"]
[SourceVersionDate "2008.09.01"]
[SourceQuality "1"]

1. e4 e5 2. d4 exd4 3. Nf3 Nc6 4. Bc4 d6 5. Nxd4 g6 6. Nc3 Bg7 7. Be3 Nf6 8. 0-0 0-0 9. Nxc6 bxc6 10. Bb3 c5 11. f3 Rb8 12. Na4 Nd7 13. c4 Qe8 14. Qd2 Ne5 15. Nc3 Ba6 16. Qe2 Kh8 17. Rac1 Bxc4 18. Bxc4 Rxb2 19. Qxb2 Nxc4 20. Qb5 Nxe3 21. Qxe8 Rxe8 22. Rfe1 Bd4 23. Kh1 Bxc3 24. Rxc3 Nd5 25. Ra3 Nb4 26. Rxa7 Re7 27. Rb1 Nd3 28. Rbb7 c4 29. Rxc7 Rxc7 30. Rxc7 Nc5 31. e5 1-0

[Event "Pavlodar op"]
[Site "Pavlodar"]
[Date "2007.12.18"]
[Round "4"]
[White "Kuderin, Daniyar"]
[Black "Nurbekov, Askar"]
[Result "1-0"]
[WhiteElo "2177"]
[BlackElo "2111"]
[PlyCount "94"]
[EventDate "2007.12.16"]
[EventType "swiss"]
[EventRounds "11"]
[EventCountry "KAZ"]
[SourceTitle "CBM 122 Extra"]
[Source "ChessBase"]
[SourceDate "2008.03.04"]
[SourceVersion "1"]
[SourceVersionDate "2008.03.04"]
[SourceQuality "1"]

1. d4 Nf6 2. c4 c5 3. Nf3 g6 4. Nc3 cxd4 5. Nxd4 Nc6 6. e4 d6 7. Be2 Bg7 8. Be3 Bd7 9. 0-0 Nxd4 10. Bxd4 e5 11. Be3 Bc6 12. Qd3 0-0 13. Rad1 Qc7 14. Nd5 Nxd5 15. cxd5 Be8 16. Rc1 Qe7 17. Rc3 f5 18. Rfc1 b6 19. f3 fxe4 20. fxe4 Qh4 21. Rc7 Rf7 22. Rc8 Rxc8 23. Rxc8 Qe1+ 24. Bf1 Rf8 25. Qe2 Qb1 26. Bg5 Bd7 27. Rc1 Qxa2 28. Be7 Rf7 29. Bxd6 Bh6 30. Re1 Qa5 31. b4 Qa3 32. Bxe5 Bg4 33. Qd3 Qxb4 34. Bg3 Bd2 35. Rb1 Qc5+ 36. Kh1 Bh6 37. h3 Bd7 38. Be2 Bf8 39. Bf3 Ba4 40. Qd2 Bd7 41. Kh2 Qc8 42. e5 Bxh3 43. e6 Rf5 44. Kxh3 Bc5 45. Bg4 Qf8 46. Re1 Bb4 47. Qxb4 Qxb4 1-0

[Event "Pavlodar op"]
[Site "Pavlodar"]
[Date "2007.12.17"]
[Round "3"]
[White "Temirov, Bakhyt"]
[Black "Kuderin, Daniyar"]
[Result "1-0"]
[WhiteElo "2282"]
[BlackElo "2177"]
[PlyCount "65"]
[EventDate "2007.12.16"]
[EventType "swiss"]
[EventRounds "11"]
[EventCountry "KAZ"]
[SourceTitle "CBM 122 Extra"]
[Source "ChessBase"]
[SourceDate "2008.03.04"]
[SourceVersion "1"]
[SourceVersionDate "2008.03.04"]
[SourceQuality "1"]

1. d4 d5 2. c4 c6 3. Nf3 Nf6 4. Nc3 e6 5. Bg5 h6 6. Bh4 Be7 7. e3 0-0 8. Bd3 Nbd7 9. cxd5 Nxd5 10. Bg3 Bb4 11. Rc1 Qa5 12. 0-0 f5 13. Nxd5 exd5 14. Nh4 Nf6 15. Bxf5 Qd8 16. Bb1 Bd6 17. Be5 Ne4 18. Ng6 Re8 19. f3 Ng5 20. Qd3 Bxe5 21. dxe5 Be6 22. Nf4 Rf8 23. Nxe6 Nxe6 24. Qh7+ Kf7 25. f4 Qb6 26. Qg6+ Ke7 27. f5 Qxe3+ 28. Kh1 Nf4 29. Qxg7+ Rf7 30. f6+ Ke8 31. Bg6 Qd2 32. Qxf7+ Kd8 33. Qe7+ 1-0

[Event "Pavlodar op"]
[Site "Pavlodar"]
[Date "2007.12.16"]
[Round "1"]
[White "Kuderin, Daniyar"]
[Black "Jumabayev, Rinat"]
[Result "1-0"]
[WhiteElo "2177"]
[BlackElo "2436"]
[PlyCount "82"]
[EventDate "2007.12.16"]
[EventType "swiss"]
[EventRounds "11"]
[EventCountry "KAZ"]
[SourceTitle "CBM 122 Extra"]
[Source "ChessBase"]
[SourceDate "2008.03.04"]
[SourceVersion "1"]
[SourceVersionDate "2008.03.04"]
[SourceQuality "1"]

1. d4 Nf6 2. c4 e6 3. Nf3 b6 4. Nc3 Bb4 5. Bg5 h6 6. Bh4 Bb7 7. e3 g5 8. Bg3 Ne4 9. Qc2 f5 10. Be5 Bxc3+ 11. bxc3 0-0 12. Nd2 d6 13. Bg3 Nd7 14. f3 Nxd2 15. Qxd2 Nf6 16. Bd3 Qe7 17. 0-0 Nh5 18. Rae1 e5 19. e4 f4 20. Bf2 c5 21. a4 a5 22. Rb1 Ra6 23. Be2 Bc6 24. g4 fxg3 25. hxg3 Bxa4 26. Kg2 Nf6 27. Rh1 Kg7 28. Be3 Bc6 29. d5 Be8 30. Rh2 Ng8 31. Rbh1 Qf6 32. Rxh6 Qxh6 33. Rxh6 Nxh6 34. Bxg5 Nf7 35. Bd3 a4 36. Bb1 Rh8 37. Be3 Bd7 38. f4 Bg4 39. f5 Rh3 40. Bg5 Rh8 41. Be7 Rh5 1-0

[Event "Almaty Seimar op"]
[Site "Almaty"]
[Date "2007.08.23"]
[Round "6"]
[White "Kuderin, Daniyar"]
[Black "Susliakov, Dmitriy"]
[Result "0-1"]
[WhiteElo "2177"]
[BlackElo "2009"]
[PlyCount "47"]
[EventDate "2007.08.18"]
[EventType "swiss"]
[EventRounds "9"]
[EventCountry "KAZ"]
[SourceTitle "EXT 2022"]
[Source "ChessBase"]
[SourceDate "2021.10.06"]
[SourceVersion "1"]
[SourceVersionDate "2021.10.06"]
[SourceQuality "1"]

1. e4 c5 2. Nc3 Nc6 3. f4 g6 4. Nf3 Bg7 5. Bc4 e6 6. a4 Nge7 7. e5 d6 8. exd6 Nf5 9. Ne4 Nxd6 10. Nxd6+ Qxd6 11. d3 0-0 12. 0-0 a6 13. Rb1 Bd7 14. Bd2 Rfd8 15. Ng5 Nd4 16. c3 b5 17. Ba2 Nf5 18. g4 Nh6 19. Be3 Bc6 20. Ne4 Qxd3 21. Qxd3 Rxd3 22. g5 Nf5 23. Bxc5 Bxe4 24. Bb3 0-1

[Event "Berdsk Maestro op 13th"]
[Site "Berdsk"]
[Date "2007.07.12"]
[Round "5.23"]
[White "Kolobova, Darja"]
[Black "Kuderin, Daniyar"]
[Result "1/2-1/2"]
[WhiteElo "1958"]
[BlackElo "2177"]
[PlyCount "77"]
[EventDate "2007.07.08"]
[EventType "swiss"]
[EventRounds "9"]
[EventCountry "RUS"]
[SourceTitle "EXT 2022"]
[Source "ChessBase"]
[SourceDate "2021.10.06"]
[SourceVersion "1"]
[SourceVersionDate "2021.10.06"]
[SourceQuality "1"]

1. d4 d5 2. Nf3 Nf6 3. g3 h6 4. Bg2 Bf5 5. 0-0 e6 6. c4 c6 7. b3 Bd6 8. Nc3 0-0 9. Bb2 Nbd7 10. Nd2 Rc8 11. a3 a6 12. e4 dxe4 13. Ndxe4 Bb8 14. a4 Nxe4 15. Nxe4 Nf6 16. Nc5 Qc7 17. Qe2 Ba7 18. Bc3 Rfe8 19. b4 e5 20. Qa2 Bxc5 21. bxc5 exd4 22. Bxd4 Ne4 23. Qb2 f6 24. Rfd1 Ng5 25. h4 Nf7 26. Re1 Qd7 27. Kh2 Rcd8 28. Bc3 Qd3 29. Bf1 Qf3 30. Bg2 Qg4 31. Qxb7 Qxc4 32. Rxe8+ Rxe8 33. Qxc6 Rc8 34. Qf3 Rxc5 35. Bb2 Ne5 36. Bxe5 Rxe5 37. Bf1 Qd4 38. Rd1 Qxa4 39. Rd8+ 1/2-1/2